Visualizzazione normale
Vista MARC
- Tarasco Roberto
di Personal Name
Records bibliografici associati: 1
001 - CONTROL NUMBER
- control field: 49275
003 - CONTROL NUMBER IDENTIFIER
- control field: IT-RoPau
005 - DATE AND TIME OF LATEST TRANSACTION
- control field: 20151202083950.0
008 - FIXED-LENGTH DATA ELEMENTS
- fixed length control field: 151202|| aca||aabn | a|a d
040 ## - CATALOGING SOURCE
- Original cataloging agency: IT-RoPau
- Transcribing agency: IT-RoPau
100 ## - HEADING--PERSONAL NAME
- Personal name: Tarasco Roberto
- Relator term: (musica)
- Miscellaneous information: Codice Musica SPICS: 55526
670 ## - SOURCE DATA FOUND
- Source citation: Work cat.: (IT-RoPau)106888: Grimaldi Antonello Codice regista SPICS: 21641 49270, TOTEM: LETTURE, SUONI, LEZIONI (1) TOTEM: LETTURE, SUONI, LEZIONI (1) (Rif. Codice opera principale : G7048)